MLB Top MVP, Cy Young, and ROY 1994 - Statistics

General Stats
  • This quiz has been taken 40 times
  • The average score is 20 of 41
Answer Stats
# Answer Team Pos. % Correct
1 Frank Thomas CHW 1B
97%
5 Greg Maddux ATL P
97%
1 Greg Maddux ATL P
97%
1 Jeff Bagwell HOU 1B
94%
2 Ken Griffey Jr. SEA CF
94%
4 Barry Bonds SFG LF
91%
6 Mike Piazza LAD C
88%
7 Tony Gwynn SDP RF
84%
3 Randy Johnson SEA P
81%
2 Matt Williams SFG 3B
78%
3 Albert Belle CLE LF
75%
4 Mike Mussina BAL P
75%
10 Andrés Galarraga COL 1B
72%
9 David Cone KCR P
72%
1 David Cone KCR P
72%
4 Kenny Lofton CLE CF
72%
7 Kirby Puckett MIN RF
72%
8 Fred McGriff ATL 1B
66%
10 Joe Carter TOR RF
59%
1 Raúl Mondesí LAD RF
56%
2 Manny Ramirez CLE RF
53%
5 Paul O'Neill NYY RF
53%
3 Bret Saberhagen NYM P
41%
9 Kevin Mitchell CIN LF
38%
1 Bob Hamelin KCR DH
28%
6 Jimmy Key NYY P
25%
2 Jimmy Key NYY P
25%
8 Julio Franco CHW DH
22%
4 Doug Drabek HOU P
19%
5 Lee Smith BAL P
19%
3 Ryan Klesko ATL LF
19%
2 Ken Hill MON P
13%
3 Moisés Alou MON LF
9%
4 Bill Risley SEA P
6%
4 Chris Gomez DET SS
6%
5 Cliff Floyd MON 1B
6%
5 Joey Hamilton SDP P
6%
2 John Hudek HOU P
6%
5 Marvin Freeman COL P
6%
3 Rusty Greer TEX RF
6%
4 Steve Trachsel CHI P
6%
No matching quizzes found
Score Distribution
Percent of People with Each Score
Percentile by Number Answered
Your Score History
You have not taken this quiz